000 00691nam a22002177a 4500
999 _c13918
_d13918
003 AR-CdUCM
008 190417b ||||| |||| 00| 0 spa d
040 _aMUNICIPALIDAD PROVINCIAL DEL CUSCO
_cBIBLIOTECA MUNICIPAL DEL CUSCO
082 _aES / 373.895 /
_bF96
245 _aEl anciano Sonjua y el general Ulzi Mundok /
260 _aCorea :
_bRevistas en lenguas extranjeras,
_c1988.
300 _a61 paginas ;
_bilustraciones,
_c15 cm.
440 _aHistorietas coreanas
_n1
_932535
500 _acuentos coreanos
650 _aCuentos
_9217
650 _aHistorietas
_910786
650 _aLiteratura
_983
650 _aSiglo XX
_98
942 _2ddc
_cLIBROS
945 _apjha
_d2019-04-15